000 00669nam a22002297a 4500
003 UA-OsUOA
001 56182
007 ta
008 20081008b un ||||| |||| 00| 0 ukr d
090 _a340(477)
_bП68
942 _cBK
040 _aUA-OsUOA
_bukr
_cUA-OsUOA
_dUA-OsUOA
245 _aПравознавство
300 _a219 с.
955 _a2
041 _aukr
080 _a340(477)
020 _a978-966-680-342-2
260 _aСуми
_bУніверситетська книга
_c2007
650 7 _a340 Право в цілому. Пропедевтика. Методи та допоміжні правничі науки
_2UDC
999 _c342241
_d342241